000 01044nam a22002297a 4500
005 20180215161418.0
010 _a1516EN07
020 _a9789351428671
_c1250.00
035 _aB-601742-759
035 _aB-663733
037 _aDPL
_bHimalaya publishing house
082 _a657.42
100 _aMadegowda, J.
245 _aCost accounting :
_cby J. Madegowda
_belements of cost and methods of costing /
250 _a2nd ed
260 _aNew Delhi
_bHimalaya Publishing House
_c2014
270 _aPooja Apartments, 4-B, Murarilal Street, Ansari Road Dariyaganj
_bNew Delhi
_e110002
300 _a474p.
_b25cm(Hb)
942 _2ddc
_cEN
_h657.42
_mMAD
999 _c95762
_d95762